00807nab a22001937a 4500003000400000005001700004008004100021040000700062100002300069245009600092300001400188505015500202505007200357650002300429650001400452650002200466650002700488773009800515OSt20260107121702.0190514b xxu||||| |||| 00| 0 spa d cPJ aCurti, Patricio J.13aEl contenido y alcance de la cuota alimentaria debida por los abuelos /cPatricio J. Curti. ap. 95-103 aSumario: I. Cruce preliminar.— II. Algunas variables para considerar.— III. Cese de la obligación alimentaria.— IV. Palabras de conclusión.  tSi te interesa el texto, comunicate a koha@justierradelfuego.gov.ar 0aDERECHO DE FAMILIA 0aALIMENTOS 0aCUOTA ALIMENTARIA 0aOBLIGACION ALIMENTARIA0 02844dBuenos Aires : AbeledoPerrot, 1989-tDerecho de familia. N° 118 - Marzo 2025z18511201